Najbardziej nielubiane #Hot16Challenge2 - Statystyki

Ogólne statystyki
  • Ten quiz został rozwiązany 110 razy
  • Średni wynik to 9 z 50
Statystyki odpowiedzi
Łapki w dół Wykonawca % Poprawnych
26 TYS. FRIZ
63%
178 TYS. Andrzej Duda
57%
23 TYS. WERSOW
56%
18 TYS. Szpaku
50%
15 TYS. MURCIX
48%
10 TYS. MARCYSIA
44%
13 TYS. Bedoes
38%
9 TYS. MATA
38%
14 TYS. MINI MAJK
36%
3,8 TYS. YOUNG IGI
30%
4,1 TYS. TACONAFIDE
28%
3,4 TYS. BLOWEK
27%
8,4 TYS. MARCIN DUBIEL
23%
5,8 TYS. YOUNG MULTI
23%
4,2 TYS. Tata Maty
22%
13 TYS. JKM
21%
75 TYS. KACPER BLONSKY
20%
9,7 TYS. NATSU
19%
5,5 TYS. Kizo
17%
5,6 TYS. FAGATA
14%
3,2 TYS. PALUCH
14%
10 TYS. Dis
13%
52 TYS. Hejka tu Lenka
13%
6,3 TYS. KAMERZYSTA
13%
13 TYS. Roksana Węgiel
13%
10 TYS. TEDE
13%
4,5 TYS. CLEO
12%
8,3 TYS. KALI
11%
6,2 TYS. LIL MASTI
11%
4,5 TYS. PatecWariatec
11%
4,5 TYS. BOXDEL
10%
3,7 TYS. WIP BROS
10%
8,2 TYS. Dawid Podsiadło
9%
10 TYS. KRUSZWIL
9%
8,3 TYS. KARZEŁ
5%
3,3 TYS. Krzysztof Gonciarz
5%
3,9 TYS. PALION
5%
4,8 TYS. Viki Gabor
5%
4,6 TYS. Sobota
4%
9,1 TYS. Szymon Zaparty
4%
14 TYS. Sebastian Fabijański
3%
3,5 TYS. Gargamel
2%
3,3 TYS. KUBAŃCZYK
2%
5,2 TYS. Łukasz Lotek Lodkowski
2%
7,2 TYS. MAMIKO
2%
3,6 TYS. Wojtek Gola
2%
3,2 TYS. FANKA
1%
3,8 TYS. MICHAŁ WIŚNIEWSKI
1%
7,1 TYS. MISIA I JA
1%
8,8 TYS. Nanami Chan
1%
Nie znaleziono quizów pasujących do podanych kryteriów
Rozkład punktacji
Procent ludzi z każdym wynikiem
Percentyl według liczby udzielonych odpowiedzi
Twoja historia wyników
Nie rozwiązałeś tego quizu